000 00614nam a2200181Ia 4500
008 090123s9999 xx 000 0 und d
082 _b34010
100 _aखेडेकर रसिका
245 _aराक्षसराज धुम्रसेन
250 _a0
260 _bनिशीराज प्रकाशन
_c2002
300 _a40
600 _aखेडेकर रसिका
630 _aराक्षसराज धुम्रसेन
700 _aखेडेकर रसिका
730 _aराक्षसराज धुम्रसेन
942 _cBOOK
999 _c72060
_d72060